header

The last battle of the Cold War (Record no. 94606)

MARC details
000 -LEADER
fixed length control field 01621nam a2200385Ia 4500
082 04 - DEWEY DECIMAL CLASSIFICATION NUMBER
Classification number 327.1/747
100 1# - MAIN ENTRY--AUTHOR NAME
Personal name Glitman, Maynard W.
245 14 - TITLE STATEMENT
Title The last battle of the Cold War
250 ## - EDITION STATEMENT
Edition statement 1st ed.
260 ## - PUBLICATION, DISTRIBUTION, ETC. (IMPRINT)
Place of publication New York :
Name of publisher Palgrave Macmillan,
Year of publication 2006.
300 ## - PHYSICAL DESCRIPTION
Number of Pages ix, 259 p.
490 1# - SERIES STATEMENT
Series statement Initiatives in strategic studies--issues and policies
650 #0 - SUBJECT ADDED ENTRY--TOPICAL TERM
Topical Term Nuclear arms control
Topical Term Nuclear arms control
Topical Term Intermediate-range ballistic missiles.
856 40 - ELECTRONIC LOCATION AND ACCESS
Uniform Resource Identifier http://site.ebrary.com/lib/rucke/Doc?id=10150428

No items available.

© 2026 Rongo University
Contact us: librarian | system librarian | Rongo university